L'Instituteur, Manuel général de l'instruction primaire. (Record no. 581)

MARC details
000 -LEADER
campo de control de longitud fija 00776nas a22002171i#4500
001 - NÚMERO DE CONTROL
campo de control 581
003 - IDENTIFICADOR DE NÚMERO DE CONTROL
campo de control ES-MaACL
005 - FECHA Y HORA DE LA ÚLTIMA TRANSACCIÓN
campo de control 20250828062526.0
008 - DATOS DE LONGITUD FIJA--INFORMACIÓN GENERAL
campo de control de longitud fija 950801d18401843fr | | 1 ||re d
245 02 - MENCIÓN DEL TÍTULO
Título L'Instituteur, Manuel général de l'instruction primaire.
260 ## - PUBLICACIÓN, DISTRIBUCIÓN, ETC.
Lugar de publicación, distribución, etc. Paris :
Nombre del editor, distribuidor, etc. F.-G. Levrault : F. Didot frères : L. Hachette,
Fecha de publicación, distribución, etc. 1840-1843.
300 ## - DESCRIPCIÓN FÍSICA
Extensión 3 v. ;
Dimensiones 21 cm.
310 ## - PERIODICIDAD ACTUAL
Periodicidad actual Mensual
362 0# - FECHAS DE PUBLICACIÓN Y/O DESIGNACIÓN SECUENCIAL
Fecha de publicación y/o designación secuencial 2e s., t. 1 (1840, nov.)-t. 3 (1843)
500 ## - NOTA GENERAL
Nota general De nov. 1840 à 1843 divisé en 2 parties : "Bulletin officiel" et "Méthodes, bibliographies et mélanges"
650 #7 - PUNTO DE ACCESO ADICIONAL DE MATERIA--TÉRMINO DE MATERIA
Término de materia o nombre geográfico como elemento de entrada Educación
Fuente del encabezamiento o término embne
9 (RLIN) 12073
852 ## - LOCALIZACIÓN
Ubicación ES-MaACL
Número de control de estantería B-8006-08
852 ## - LOCALIZACIÓN
Ubicación ES-MaACL
Número de control de estantería G-1307
Nota libre .- Es el vol. 1º de la segunda serie (1841)
866 #0 - MENCIÓN TEXTUAL DE FONDOS--UNIDAD BIBLIOGRÁFICA BÁSICA
Fondos 1840-43
Holdings
Estatus retirado Estado de pérdida Estado de daño No para préstamo Colección Biblioteca de origen Biblioteca actual Ubicación en estantería Fecha de adquisición Fuente de adquisición Total de préstamos Signatura topográfica completa Código de barras Visto por última vez Precio de reemplazo Tipo de ítem Koha
        Periódicos y Revistas Biblioteca del Ateneo de Madrid Biblioteca del Ateneo de Madrid Depósito 2 12/11/2013     G-1307 1192157 23/02/2023 23/02/2023 Revista
        Periódicos y Revistas Biblioteca del Ateneo de Madrid Biblioteca del Ateneo de Madrid Sala Pardo Bazán 17/01/2008     B-8006-08 1000594 23/02/2023 23/02/2023 Revista